[Event "Barbera op "]
[Site "?"]
[Date "2012.07.07"]
[Round "4"]
[White "Moreno Ruiz, J."]
[Black "Mammadova, G."]
[Result "1-0"]
[WhiteElo "2504"]
[BlackElo "2341"]
[PlyCount "109"]
[EventDate "2012.??.??"]
[EventType "swiss"]
[EventRounds "9"]

1. d4 d5 2. c4 c6 3. Nc3 Nf6 4. cxd5 cxd5 5. Bf4 Nc6 6. e3 Bf5 7. Qb3 Na5 8.
Qa4+ Bd7 9. Qc2 Rc8 10. Nf3 b5 11. a3 e6 12. Bd3 b4 13. axb4 Bxb4 14. O-O h6
15. Ne5 Qb6 16. Nxd7 Nxd7 17. Nxd5 Rxc2 18. Nxb6 Rxb2 19. Nxd7 Kxd7 20. Bb5+
Ke7 21. Rfc1 Rd8 22. Rc7+ Kf8 23. Rxa7 Rc8 24. Bc7 Nb3 25. Ra8 Rxa8 26. Rxa8+
Ke7 27. Re8+ Kf6 28. Be5+ Kg5 29. Bf4+ Kh5 30. h3 Be1 31. Kf1 Nc1 32. Kxe1 Rxb5
33. Kd2 Na2 34. Rb8 Rxb8 35. Bxb8 Nb4 36. Kc3 Nd5+ 37. Kc4 f5 38. Be5 g5 39.
Kc5 Kg6 40. Kd6 Kf7 41. g4 Ne7 42. Kd7 fxg4 43. hxg4 Nd5 44. Kc6 Nb4+ 45. Kd6
Nd5 46. Kc5 Nc3 47. f3 Ne2 48. Bh2 Nc3 49. e4 Ke7 50. Kc6 Ne2 51. Be5 Ng1 52.
d5 exd5 53. exd5 Nxf3 54. d6+ Ke6 55. Bc3 1-0

[Event "Barbera op "]
[Site "?"]
[Date "2012.07.07"]
[Round "4"]
[White "Mosquera, M."]
[Black "Laxman, RR."]
[Result "1/2-1/2"]
[WhiteElo "2395"]
[BlackElo "2422"]
[PlyCount "84"]
[EventDate "2012.??.??"]
[EventType "swiss"]
[EventRounds "9"]

1. e4 e5 2. Nf3 Nc6 3. Bb5 a6 4. Ba4 Nf6 5. d4 exd4 6. O-O Be7 7. e5 Ne4 8.
Nxd4 O-O 9. Nxc6 dxc6 10. c3 Qxd1 11. Bxd1 Rd8 12. Bc2 Nc5 13. Nd2 Nd3 14. Nf3
Bg4 15. Bg5 Bxg5 16. Nxg5 h6 17. Bxd3 hxg5 18. Bc4 b5 19. f3 Bf5 20. Bb3 c5 21.
c4 Rd4 22. Rfc1 b4 23. Bc2 Be6 24. b3 Rad8 25. a3 Rd2 26. axb4 cxb4 27. Rxa6
Kf8 28. Kf1 g6 29. Ra7 g4 30. fxg4 R8d4 31. h3 Bxc4+ 32. bxc4 Rxc4 33. Rb7
Rdxc2 34. Rxc2 Rxc2 35. Rxb4 Ke7 36. h4 Ke6 37. Rf4 Rc5 38. h5 gxh5 39. gxh5
Rxe5 40. g4 f6 41. h6 Kf7 42. h7 Kg7 1/2-1/2

[Event "Barbera op "]
[Site "?"]
[Date "2012.07.07"]
[Round "4"]
[White "Narciso Dublan, M."]
[Black "Palit, S."]
[Result "1/2-1/2"]
[WhiteElo "2539"]
[BlackElo "2393"]
[PlyCount "74"]
[EventDate "2012.??.??"]
[EventType "swiss"]
[EventRounds "9"]

1. e4 e5 2. Bc4 Nf6 3. d3 Bc5 4. Nf3 d6 5. O-O O-O 6. c3 Bb6 7. Nbd2 Nc6 8. Bb3
a6 9. Nc4 Be6 10. Nxb6 Bxb3 11. Qxb3 cxb6 12. Bg5 b5 13. Rfd1 h6 14. Bh4 g5 15.
Bg3 Qe7 16. Nd2 Nh5 17. Nf1 Qe6 18. Ne3 Qxb3 19. axb3 Rad8 20. d4 Kh7 21. Rac1
Na5 22. b4 Nc4 23. Nxc4 bxc4 24. Kf1 Kg6 25. Ra1 Nxg3+ 26. hxg3 d5 27. Ra5 exd4
28. Rxd4 dxe4 29. Rxe4 Rd1+ 30. Re1 Rd2 31. b5 Rxb2 32. bxa6 bxa6 33. Rxa6+ Kg7
34. Ra4 Rd8 35. Kg1 Rdd2 36. Rf1 Rbc2 37. Rxc4 Rd3 1/2-1/2

[Event "Barbera op "]
[Site "?"]
[Date "2012.07.07"]
[Round "4"]
[White "Ortiz Suarez, IR."]
[Black "Sequera Paolini, J."]
[Result "1-0"]
[WhiteElo "2562"]
[BlackElo "2407"]
[PlyCount "95"]
[EventDate "2012.??.??"]
[EventType "swiss"]
[EventRounds "9"]

1. d4 d5 2. c4 e6 3. Nc3 c6 4. cxd5 exd5 5. Qc2 Nf6 6. Nf3 g6 7. Bf4 Bf5 8. Qc1
Nbd7 9. h3 Bg7 10. Bh6 O-O 11. Bxg7 Kxg7 12. g4 Be4 13. Bg2 Re8 14. e3 Bd3 15.
Qd2 Ba6 16. O-O-O Qe7 17. Kb1 b5 18. g5 Ne4 19. Nxe4 dxe4 20. Ne1 Nb6 21. h4 b4
22. Rc1 Bc4 23. Bf1 Bd5 24. Ng2 Qe6 25. Qxb4 Bxa2+ 26. Ka1 Bd5 27. Nf4 Qe7 28.
Qxe7 Rxe7 29. h5 Rf8 30. Be2 Rb8 31. h6+ Kf8 32. Nxd5 cxd5 33. Rc6 Na4 34. Rhc1
Reb7 35. Rc8+ Rxc8 36. Rxc8+ Ke7 37. Rc2 f6 38. f4 fxg5 39. fxg5 Kd6 40. Ka2
Nb6 41. Bb5 Nc4 42. Bxc4 dxc4 43. Rxc4 Rb5 44. Rc8 Rxg5 45. Rh8 Rg3 46. Rxh7
Rxe3 47. Rh8 Rh3 48. h7 1-0

[Event "Barbera op "]
[Site "?"]
[Date "2012.07.07"]
[Round "4"]
[White "Pieri, PL."]
[Black "Perez Mañas, B."]
[Result "0-1"]
[WhiteElo "2048"]
[BlackElo "2250"]
[PlyCount "70"]
[EventDate "2012.??.??"]
[EventType "swiss"]
[EventRounds "9"]

1. e4 c6 2. Nc3 d5 3. Nf3 Bg4 4. h3 Bxf3 5. Qxf3 e6 6. b3 Nf6 7. Bb2 Be7 8.
exd5 cxd5 9. O-O-O Nc6 10. g4 Qa5 11. Kb1 d4 12. Bb5 O-O 13. Bxc6 bxc6 14. Ne4
c5 15. Nxf6+ Bxf6 16. d3 Qd8 17. h4 Bxh4 18. Qh3 g5 19. f4 h6 20. f5 exf5 21.
gxf5 Qf6 22. Rdg1 Kh7 23. Bc1 Rae8 24. Bf4 Rg8 25. Rg4 Re1+ 26. Rxe1 Bxe1 27.
Rg1 gxf4 28. Rxe1 Rg3 29. Qh2 Qxf5 30. Rh1 Qg5 31. Rf1 f3 32. Qh1 Rg2 33. Qh3
Rg3 34. Qd7 Kg7 35. Qc6 f2 0-1

[Event "Barbera op "]
[Site "?"]
[Date "2012.07.07"]
[Round "4"]
[White "Rios Gomez, CC."]
[Black "Arizmendi Martinez, JL."]
[Result "1/2-1/2"]
[WhiteElo "2405"]
[BlackElo "2559"]
[PlyCount "95"]
[EventDate "2012.??.??"]
[EventType "swiss"]
[EventRounds "9"]

1. d4 d5 2. c4 e6 3. Nc3 Be7 4. Nf3 Nf6 5. cxd5 exd5 6. Bg5 c6 7. Qc2 Na6 8. a3
Nc7 9. e3 g6 10. Bd3 Ne6 11. Bh4 Ng7 12. O-O O-O 13. b4 a6 14. Bxf6 Bxf6 15. a4
Bg4 16. Nd2 Rc8 17. Qb3 Be6 18. Ne2 Be7 19. Qb2 Bd6 20. b5 cxb5 21. axb5 a5 22.
e4 Bb4 23. Rfc1 Rxc1+ 24. Qxc1 dxe4 25. Nxe4 Bd5 26. N4c3 Ne6 27. Nxd5 Qxd5 28.
Qc4 Qd6 29. Be4 b6 30. Bc6 Rd8 31. d5 Qe5 32. Rd1 Nc5 33. Nd4 Rd6 34. Nf3 Qe4
35. Qxe4 Nxe4 36. Rd4 f5 37. Rc4 Bc5 38. Rc2 a4 39. Kf1 a3 40. Nd2 Nxd2+ 41.
Rxd2 Kg7 42. Ke2 Rd8 43. Kd3 Bd6 44. h3 Be5 45. Kc4 Kf6 46. Kb3 Bd6 47. Re2 Bc5
48. Re6+ 1/2-1/2

[Event "Barbera op "]
[Site "?"]
[Date "2012.07.07"]
[Round "4"]
[White "Saptarshi, R."]
[Black "Ruiz Sanchez, O."]
[Result "1-0"]
[WhiteElo "2389"]
[BlackElo "2416"]
[PlyCount "61"]
[EventDate "2012.??.??"]
[EventType "swiss"]
[EventRounds "9"]

1. e4 c5 2. Nf3 d6 3. d4 cxd4 4. Nxd4 Nf6 5. Nc3 a6 6. Qf3 g6 7. h3 Bg7 8. Be3
O-O 9. O-O-O Qa5 10. Nb3 Qc7 11. g4 Be6 12. g5 Nfd7 13. Nd5 Bxd5 14. exd5 a5
15. Nd4 Rc8 16. Qe2 a4 17. Nb5 Qa5 18. Bd2 Qb6 19. Qxe7 a3 20. b3 Qxf2 21. Bc4
Ne5 22. Rhf1 Qc5 23. Nxd6 Nbd7 24. Nxc8 Qxc8 25. d6 Kh8 26. Bc3 Qc5 27. Bd4 Qa5
28. Bxe5 Nxe5 29. d7 Rd8 30. Qe8+ Bf8 31. Rd5 1-0

[Event "Barbera op "]
[Site "?"]
[Date "2012.07.07"]
[Round "4"]
[White "Segarra Calderer, A."]
[Black "Aranaz Murillo, A."]
[Result "1-0"]
[WhiteElo "2058"]
[BlackElo "2248"]
[PlyCount "59"]
[EventDate "2012.??.??"]
[EventType "swiss"]
[EventRounds "9"]

1. e4 e6 2. d4 d5 3. exd5 exd5 4. Nf3 Nc6 5. Bb5 Bd6 6. O-O Nge7 7. Re1 O-O 8.
Bd3 Bf5 9. Bg5 f6 10. Bh4 Bg4 11. c3 Nf5 12. Bg3 Nxg3 13. hxg3 f5 14. Qb3 Ne7
15. Nbd2 f4 16. Ne5 Bf5 17. Bxf5 Rxf5 18. g4 Rf6 19. Ndf3 Rb8 20. Re2 c6 21.
Rae1 Qc7 22. Qc2 g6 23. g5 Rf5 24. Ng4 Kg7 25. Re6 Rbf8 26. Nh6 Ng8 27. Nxf5+
Rxf5 28. Qe2 h6 29. Rxg6+ Kxg6 30. Qe6+ 1-0

[Event "Barbera op "]
[Site "?"]
[Date "2012.07.07"]
[Round "4"]
[White "Silva Rodriguez, J."]
[Black "Thakur, A."]
[Result "1-0"]
[WhiteElo "2168"]
[BlackElo "2280"]
[PlyCount "61"]
[EventDate "2012.??.??"]
[EventType "swiss"]
[EventRounds "9"]

1. e4 e5 2. Nf3 Nc6 3. d4 exd4 4. Bc4 Nf6 5. e5 d5 6. Bb5 Ne4 7. Nxd4 Bc5 8.
O-O Bd7 9. Bxc6 bxc6 10. Be3 Qe7 11. f3 Nd6 12. Bf2 Nc4 13. Nd2 Nxb2 14. Qe2
O-O 15. a4 Bxd4 16. Bxd4 Nxa4 17. Nb3 c5 18. Rxa4 Bxa4 19. Nxc5 Bc6 20. Qd2
Rfe8 21. f4 f5 22. exf6 gxf6 23. f5 Rab8 24. Ne6 Bd7 25. Nxc7 Rf8 26. Nxd5 Qd6
27. Bxf6 Kf7 28. Qh6 Bxf5 29. Qg7+ Ke6 30. Nf4+ Qxf4 31. Qe7+ 1-0

[Event "Barbera op "]
[Site "?"]
[Date "2012.07.07"]
[Round "4"]
[White "Subirachs Mancebo, G."]
[Black "Remolar Gallen, J."]
[Result "0-1"]
[WhiteElo "2109"]
[BlackElo "2121"]
[PlyCount "78"]
[EventDate "2012.??.??"]
[EventType "swiss"]
[EventRounds "9"]

1. e4 g6 2. Nc3 c6 3. g3 d5 4. Bg2 dxe4 5. Nxe4 Bg7 6. Ne2 Nd7 7. O-O Ngf6 8.
N4c3 O-O 9. Rb1 a5 10. a3 a4 11. d4 Nb6 12. Nf4 Bg4 13. f3 Bf5 14. Be3 Nc4 15.
Bf2 Bh6 16. Qe2 b5 17. Nd3 Bxd3 18. Qxd3 Nd2 19. f4 Nxb1 20. Nxb1 Qd7 21. Be1
Rfd8 22. Bb4 e6 23. Bc5 Bf8 24. Bxf8 Kxf8 25. c3 Rac8 26. Qe3 Qd6 27. Nd2 c5
28. Nf3 Ng4 29. Qe2 b4 30. Ne5 Nh6 31. Nc4 Qa6 32. f5 Nxf5 33. g4 cxd4 34. gxf5
Qxc4 35. Qe5 gxf5 36. Qh8+ Ke7 37. Qxh7 dxc3 38. bxc3 bxc3 39. Qg7 Qd4+ 0-1

[Event "Barbera op "]
[Site "?"]
[Date "2012.07.07"]
[Round "4"]
[White "Vehi Bach, VM."]
[Black "Libiszewski, F."]
[Result "1-0"]
[WhiteElo "2362"]
[BlackElo "2505"]
[PlyCount "139"]
[EventDate "2012.??.??"]
[EventType "swiss"]
[EventRounds "9"]

1. e4 e6 2. d4 d5 3. Nc3 Nf6 4. Bg5 Bb4 5. e5 h6 6. Bd2 Bxc3 7. bxc3 Ne4 8. Qg4
Kf8 9. Qf4 c5 10. Bd3 Nxd2 11. Qxd2 Nd7 12. f4 Qa5 13. Nf3 c4 14. Be2 Nb6 15.
Qe3 Qa3 16. Kd2 Na4 17. Rhb1 Rb8 18. Ng1 b5 19. Bf3 g6 20. g4 Kg7 21. Ne2 Rd8
22. h4 a5 23. h5 Bd7 24. hxg6 fxg6 25. f5 g5 26. Rh1 Rh8 27. Bxd5 exd5 28. e6
Qd6 29. exd7 Nb6 30. Ng3 Nxd7 31. f6+ Kf7 32. Nf5 Qf4 33. Nxh6+ Kg6 34. Qxf4
gxf4 35. g5 Rh7 36. Rhg1 b4 37. Raf1 Nf8 38. Rxf4 Ne6 39. Rfg4 bxc3+ 40. Kxc3
Rhb7 41. f7 Rb1 42. Rxb1 Rxb1 43. Rf4 Kxg5 44. f8=Q Nxf8 45. Rxf8 Kxh6 46. Rf5
Rb5 47. a4 Rb4 48. Rxd5 Rxa4 49. Rc5 Ra2 50. Rxc4 a4 51. Kb4 Kg6 52. Rc6+ Kf5
53. c4 Ke4 54. Kc5 a3 55. Ra6 Rd2 56. Rxa3 Rxd4 57. Ra1 Rd2 58. Re1+ Kd3 59.
Rh1 Rg2 60. Rd1+ Ke3 61. Rc1 Kd3 62. Kb5 Kd4 63. c5 Kd5 64. Rd1+ Ke6 65. c6
Rb2+ 66. Ka6 Ke7 67. c7 Rc2 68. Kb7 Rb2+ 69. Kc8 Rc2 70. Rb1 1-0

[Event "Barbera op "]
[Site "?"]
[Date "2012.07.07"]
[Round "4"]
[White "Vigoa Apecheche, Y."]
[Black "Chakravarthi, YVK."]
[Result "1/2-1/2"]
[WhiteElo "2269"]
[BlackElo "2053"]
[PlyCount "70"]
[EventDate "2012.??.??"]
[EventType "swiss"]
[EventRounds "9"]

1. d4 d5 2. Nf3 c6 3. c4 Nf6 4. e3 a6 5. Bd3 Bg4 6. Qb3 Bxf3 7. gxf3 Qc7 8. Bd2
e6 9. cxd5 cxd5 10. Nc3 Nc6 11. Rc1 Be7 12. f4 O-O 13. a3 Na5 14. Qa2 Nc4 15.
Ne2 b5 16. Ng3 Qb7 17. Bc3 a5 18. O-O b4 19. Be1 bxa3 20. bxa3 Nxa3 21. Rc3 a4
22. Rxa3 Bxa3 23. Qxa3 Qb3 24. Qxb3 axb3 25. Bc3 Rfc8 26. Ne2 Ra2 27. Rb1 Rxe2
28. Bxe2 Rxc3 29. Bd1 g5 30. fxg5 Ne4 31. Kg2 Nxg5 32. Rxb3 Rxb3 33. Bxb3 Ne4
34. Bc2 Nd6 35. Kg3 Kg7 1/2-1/2

[Event "Barbera op "]
[Site "?"]
[Date "2012.07.08"]
[Round "5"]
[White "Alsina Leal, D."]
[Black "Gonzalez Perez, A."]
[Result "1-0"]
[WhiteElo "2535"]
[BlackElo "2452"]
[PlyCount "101"]
[EventDate "2012.??.??"]
[EventType "swiss"]
[EventRounds "9"]

1. e4 e6 2. d4 d5 3. Nd2 Nf6 4. e5 Nfd7 5. Bd3 c5 6. c3 Nc6 7. Ne2 cxd4 8. cxd4
f6 9. exf6 Nxf6 10. Nf3 Bd6 11. O-O O-O 12. Bf4 Bxf4 13. Nxf4 Ne4 14. g3 Qf6
15. h4 Bd7 16. Rc1 Qh6 17. Ng2 Be8 18. Bxe4 Bh5 19. Qd2 dxe4 20. Qxh6 gxh6 21.
Ne5 Nxd4 22. Nf4 Rf5 23. Nxh5 Ne2+ 24. Kg2 Nxc1 25. Ng4 Kh8 26. Rxc1 Rxh5 27.
Rc4 Rb5 28. b3 a5 29. Nxh6 Kg7 30. Ng4 h5 31. Ne3 Rb4 32. Rc5 a4 33. Rxh5 axb3
34. axb3 Rxb3 35. Re5 b5 36. Rxe6 b4 37. Nf5+ Kf7 38. Rb6 Rb1 39. h5 b3 40.
Nd6+ Ke6 41. Nxe4+ Kd5 42. Nc3+ Kc5 43. Nxb1 Kxb6 44. Nd2 Ra5 45. g4 Rb5 46. h6
Rg5 47. h7 Rxg4+ 48. Kh3 Rg1 49. Kh2 Rd1 50. h8=Q Rxd2 51. Qh6+ 1-0

[Event "Barbera op "]
[Site "?"]
[Date "2012.07.08"]
[Round "5"]
[White "Aranaz Murillo, A."]
[Black "Guix Torres, D."]
[Result "1-0"]
[WhiteElo "2248"]
[BlackElo "2011"]
[PlyCount "105"]
[EventDate "2012.??.??"]
[EventType "swiss"]
[EventRounds "9"]

1. Nf3 Nf6 2. c4 c5 3. g3 g6 4. Bg2 Bg7 5. Nc3 Nc6 6. d4 cxd4 7. Nxd4 O-O 8.
O-O d6 9. Nxc6 bxc6 10. Bxc6 Rb8 11. Bg2 Be6 12. Qd3 Qa5 13. b3 Rxb3 14. axb3
Qxa1 15. Be3 Qa5 16. Nb5 a6 17. Na7 Bf5 18. Qd1 Qc3 19. Nc6 Re8 20. Nd4 Be4 21.
Qa1 Qxa1 22. Rxa1 Bxg2 23. Kxg2 Ra8 24. b4 Nd7 25. b5 Bxd4 26. Bxd4 a5 27. Ra4
Kf8 28. Kf3 Ke8 29. Ke4 Kd8 30. Kd3 Kc7 31. e4 e5 32. Be3 Nc5+ 33. Bxc5 dxc5
34. f4 f6 35. fxe5 fxe5 36. Ra2 Kb6 37. Rf2 Rd8+ 38. Kc3 Rd4 39. Rf6+ Kb7 40.
Rc6 Rxe4 41. Rxc5 Re1 42. Rd5 e4 43. Re5 e3 44. Re7+ Kb6 45. Re6+ Kb7 46. Kd3
a4 47. Ra6 a3 48. Rxa3 Kb6 49. Ra6+ Kc5 50. Rc6+ Kb4 51. b6 Ka5 52. c5 Ka6 53.
Rc7 1-0

[Event "Barbera op "]
[Site "?"]
[Date "2012.07.08"]
[Round "5"]
[White "Arizmendi Martinez, JL."]
[Black "Saptarshi, R."]
[Result "0-1"]
[WhiteElo "2559"]
[BlackElo "2389"]
[PlyCount "88"]
[EventDate "2012.??.??"]
[EventType "swiss"]
[EventRounds "9"]

1. d4 d5 2. c4 e6 3. Nf3 c6 4. Nbd2 f5 5. g3 Nf6 6. Bg2 Bd6 7. O-O Nbd7 8. Ne1
O-O 9. Nd3 b6 10. Qc2 Qe7 11. Nf3 Bb7 12. cxd5 Nxd5 13. Nfe5 Bxe5 14. dxe5 c5
15. e4 Nb4 16. Nxb4 cxb4 17. Qc7 Bxe4 18. Bxe4 fxe4 19. Be3 Qe8 20. Rad1 Rf7
21. Qd6 a5 22. Rd2 Rb8 23. Rc1 Nf8 24. Qd4 Ng6 25. Qxe4 Ne7 26. Rd6 Rc8 27.
Rxe6 Rxc1+ 28. Bxc1 Qc8 29. Rxb6 Qxc1+ 30. Kg2 Rxf2+ 31. Kxf2 Qc5+ 32. Qe3
Qxe3+ 33. Kxe3 Nd5+ 34. Kd4 Nxb6 35. b3 Kf7 36. Kc5 Nd7+ 37. Kb5 Nxe5 38. Kxa5
Nd3 39. Kb5 Ke6 40. Kc4 Nc1 41. Kxb4 Nxa2+ 42. Ka3 Nc3 43. Kb4 Ne4 44. Kc4 Nd2+
0-1

[Event "Barbera op "]
[Site "?"]
[Date "2012.07.08"]
[Round "5"]
[White "Campos Cayuelas, A."]
[Black "Subirachs Mancebo, G."]
[Result "0-1"]
[WhiteElo "2007"]
[BlackElo "2109"]
[PlyCount "64"]
[EventDate "2012.??.??"]
[EventType "swiss"]
[EventRounds "9"]

1. e4 c5 2. Nc3 e6 3. f4 a6 4. d4 d5 5. exd5 exd5 6. Nf3 Nf6 7. Be2 Nc6 8. O-O
Bd6 9. h3 O-O 10. Be3 Qe7 11. Qd2 Re8 12. dxc5 Bxc5 13. Bxc5 Qxc5+ 14. Kh2 d4
15. Na4 Qa7 16. c4 Ne4 17. Qd1 Rb8 18. Rc1 Nc5 19. Ne5 Nxe5 20. fxe5 Nxa4 21.
Qxa4 Be6 22. c5 Rbd8 23. Rfd1 Qb8 24. Bf3 Qxe5+ 25. Kh1 Bd5 26. Bxd5 Qxd5 27.
Rd2 h6 28. c6 bxc6 29. Qxc6 Re1+ 30. Kh2 Qe5+ 31. g3 Qe3 32. Rxe1 Qxd2+ 0-1

[Event "Barbera op "]
[Site "?"]
[Date "2012.07.08"]
[Round "5"]
[White "Canal Oliveras, J."]
[Black "Amores Gago, J."]
[Result "1-0"]
[WhiteElo "2226"]
[BlackElo "2135"]
[PlyCount "71"]
[EventDate "2012.??.??"]
[EventType "swiss"]
[EventRounds "9"]

1. d4 e6 2. e4 d5 3. Nc3 Bb4 4. e5 c5 5. a3 Bxc3+ 6. bxc3 Qa5 7. Bd2 Qa4 8. Qb1
c4 9. f4 Ne7 10. Ne2 h5 11. g3 Nd7 12. Bh3 g6 13. Ng1 b6 14. Nf3 Bb7 15. Ng5
Nf5 16. Qb2 Rc8 17. Kf2 Ba6 18. Bxf5 gxf5 19. h3 Qc6 20. Rad1 Nf8 21. g4 hxg4
22. hxg4 Rxh1 23. Rxh1 Ng6 24. gxf5 exf5 25. Rh6 Qb5 26. Qxb5+ Bxb5 27. e6 Kf8
28. Nxf7 Kg7 29. Rh5 Kf6 30. Nd6 Rc6 31. Nxf5 Rxe6 32. Ne3 Nxf4 33. Rf5+ Kg6
34. Rxf4 Ba4 35. Rg4+ Kh5 36. Kg3 1-0

[Event "Barbera op "]
[Site "?"]
[Date "2012.07.08"]
[Round "5"]
[White "Chakravarthi, YVK."]
[Black "Bas Mas, JJ."]
[Result "1/2-1/2"]
[WhiteElo "2053"]
[BlackElo "2214"]
[PlyCount "114"]
[EventDate "2012.??.??"]
[EventType "swiss"]
[EventRounds "9"]

1. d4 d5 2. c4 e6 3. Nc3 Nf6 4. cxd5 exd5 5. Bg5 Be7 6. e3 O-O 7. Bd3 Re8 8.
Bxf6 Bxf6 9. Qh5 g6 10. Qxd5 Bxd4 11. Nge2 Bxc3+ 12. Nxc3 Nc6 13. Qxd8 Rxd8 14.
Be4 Ne5 15. O-O c6 16. Rfd1 Be6 17. b3 Kf8 18. h3 Ke7 19. f4 Nd7 20. Rd2 Nc5
21. Rad1 Rxd2 22. Rxd2 a5 23. Bc2 f5 24. Kf2 b5 25. Rd4 Rb8 26. Nd1 b4 27. Nb2
a4 28. Nc4 axb3 29. Bxb3 Nxb3 30. axb3 c5 31. Rd2 Ra8 32. Ke2 Ra1 33. Rc2 Bxc4+
34. Rxc4 Ra2+ 35. Kd3 Kd6 36. Rc2 Ra1 37. Rd2 Kd5 38. e4+ fxe4+ 39. Ke3+ Kc6
40. Kxe4 Re1+ 41. Kf3 Rb1 42. Rd3 c4 43. bxc4 b3 44. Kg3 Kc5 45. Rd7 Re1 46.
Rc7+ Kd4 47. Rb7 Kxc4 48. Rc7+ Kd3 49. Rd7+ Kc2 50. Rc7+ Kd1 51. Rd7+ Ke2 52.
Rb7 Rb1 53. Rxh7 Rb2 54. Rb7 Kf1 55. Kf3 Rf2+ 56. Ke4 Re2+ 57. Kf3 Rf2+ 1/2-1/2

[Event "Barbera op "]
[Site "?"]
[Date "2012.07.08"]
[Round "5"]
[White "Colon Garcia, E."]
[Black "Hernandez Carmenates, H."]
[Result "1-0"]
[WhiteElo "2365"]
[BlackElo "2569"]
[PlyCount "101"]
[EventDate "2012.??.??"]
[EventType "swiss"]
[EventRounds "9"]

1. e4 c5 2. Nf3 e6 3. d4 cxd4 4. Nxd4 Nf6 5. Nc3 d6 6. Be2 Be7 7. O-O a6 8. f4
Qc7 9. Be3 O-O 10. a4 b6 11. Bf3 Bb7 12. Qe2 Nc6 13. f5 e5 14. Nxc6 Bxc6 15. g4
h6 16. g5 hxg5 17. Bxg5 b5 18. Kh1 bxa4 19. Qg2 Rfb8 20. Bh6 Ne8 21. Be2 Bf6
22. Bc1 Rb4 23. Bd3 Qb7 24. Nd5 Bxd5 25. exd5 Rh4 26. Re1 Nc7 27. Be4 Kf8 28.
Be3 Qxb2 29. Bf2 a3 30. Reb1 Qc3 31. Be1 Qc5 32. Bxh4 Bxh4 33. Qh3 a2 34. Rd1
Bf6 35. Re1 Ke7 36. Rxa2 Nxd5 37. Qb3 Qc3 38. Raa1 Rh8 39. Qxd5 Bg5 40. Qd3 Qc5
41. Re2 Bf4 42. Rxa6 Rh5 43. Ra1 Rh8 44. Rb1 Kf6 45. c4 Rc8 46. Bd5 Qd4 47.
Qxd4 exd4 48. Rb7 d3 49. Rxf7+ Kg5 50. Rg2+ Kh6 51. Rgxg7 1-0

[Event "Barbera op "]
[Site "?"]
[Date "2012.07.08"]
[Round "5"]
[White "Cornette, M."]
[Black "Mosquera, M."]
[Result "1/2-1/2"]
[WhiteElo "2567"]
[BlackElo "2395"]
[PlyCount "60"]
[EventDate "2012.??.??"]
[EventType "swiss"]
[EventRounds "9"]

1. c4 Nf6 2. g3 c6 3. Bg2 d5 4. Nf3 g6 5. Qa4 Bg7 6. cxd5 Nxd5 7. d4 O-O 8. O-O
Bg4 9. Rd1 Qc8 10. e4 Nb6 11. Qc2 e5 12. dxe5 N8d7 13. h3 Bxf3 14. Bxf3 Nxe5
15. Bg2 Rd8 16. Nc3 Rxd1+ 17. Nxd1 Qd7 18. Rb1 Qd3 19. Qxd3 Nxd3 20. b3 Nxc1
21. Rxc1 Rd8 22. Ne3 a5 23. Kf1 a4 24. Ke2 Kf8 25. f4 axb3 26. axb3 Ra8 27. Rd1
Ke7 28. e5 f6 29. exf6+ Bxf6 30. Nc4 Nxc4 1/2-1/2

[Event "Barbera op "]
[Site "?"]
[Date "2012.07.08"]
[Round "5"]
[White "Gomez Ledo, RC."]
[Black "Ortiz Suarez, IR."]
[Result "1/2-1/2"]
[WhiteElo "2428"]
[BlackElo "2562"]
[PlyCount "62"]
[EventDate "2012.??.??"]
[EventType "swiss"]
[EventRounds "9"]

1. d4 d5 2. Nf3 Nf6 3. e3 Bg4 4. c4 c6 5. Nbd2 e6 6. Qc2 Bf5 7. Bd3 Bxd3 8.
Qxd3 Nbd7 9. b3 Qa5 10. O-O Ba3 11. cxd5 exd5 12. Ne5 Nxe5 13. dxe5 Nd7 14. Nf3
Nc5 15. Qf5 Ne6 16. Nd4 Nxd4 17. exd4 Bxc1 18. Raxc1 O-O 19. Rc2 Rae8 20. h4
Qb4 21. Rd1 f6 22. e6 g6 23. Qh3 f5 24. Re2 Rf6 25. Qe3 Qd6 26. Rde1 f4 27. Qf3
Rfxe6 28. Rxe6 Rxe6 29. Rxe6 Qxe6 30. Qxf4 Qe1+ 31. Kh2 Qe7 1/2-1/2

[Event "Barbera op "]
[Site "?"]
[Date "2012.07.08"]
[Round "5"]
[White "Ivakhinova, I."]
[Black "Iagar, RG."]
[Result "1/2-1/2"]
[WhiteElo "2306"]
[BlackElo "2154"]
[PlyCount "110"]
[EventDate "2012.??.??"]
[EventType "swiss"]
[EventRounds "9"]

1. d4 d5 2. c4 c6 3. Nc3 dxc4 4. a4 Nf6 5. e4 e5 6. dxe5 Qxd1+ 7. Nxd1 Nxe4 8.
Bxc4 Bb4+ 9. Ke2 Nd7 10. f4 Nb6 11. Bd3 Nc5 12. Bc2 Be6 13. Bd2 Bxd2 14. Kxd2
O-O-O+ 15. Kc1 Nd3+ 16. Bxd3 Rxd3 17. Nf3 Rhd8 18. Nf2 Rb3 19. Rd1 Rxd1+ 20.
Nxd1 Bg4 21. a5 Nd5 22. Nd2 Rb4 23. g3 Bxd1 24. Kxd1 Rxb2 25. Kc1 Rb4 26. Kc2
Rd4 27. Ra3 Nb4+ 28. Kd1 Rd7 29. Ke2 Re7 30. Kf3 Nc2 31. Ra4 Rd7 32. Ne4 Nd4+
33. Kg4 Nb5 34. Ng5 h6 35. e6 fxe6 36. Nxe6 Nc7 37. Nf8 Rd5 38. Ng6 Kd8 39. f5
c5 40. Nf4 Rd2 41. Kh5 b5 42. axb6 axb6 43. Kg6 b5 44. Ra7 Rd7 45. Nh5 c4 46.
Nxg7 c3 47. Ra1 b4 48. Ne6+ Nxe6 49. fxe6 Rb7 50. Kf6 Rb6 51. Kf7 Rxe6 52. Kxe6
c2 53. Kd6 Ke8 54. Ke6 Kd8 55. Kd6 Ke8 1/2-1/2

[Event "Barbera op "]
[Site "?"]
[Date "2012.07.08"]
[Round "5"]
[White "Jaramillo Ochoa, M."]
[Black "Isgandarova, K."]
[Result "0-1"]
[WhiteElo "2030"]
[BlackElo "2206"]
[PlyCount "72"]
[EventDate "2012.??.??"]
[EventType "swiss"]
[EventRounds "9"]

1. e4 e6 2. d4 d5 3. Nc3 Nf6 4. Bg5 Be7 5. e5 Nfd7 6. Bxe7 Qxe7 7. f4 a6 8. Qh5
c5 9. Nf3 Nc6 10. O-O-O b5 11. h4 cxd4 12. Nxd4 Nxd4 13. Rxd4 b4 14. Na4 Nc5
15. Nxc5 Qxc5 16. Qd1 Bd7 17. f5 exf5 18. Rxd5 Qe3+ 19. Qd2 Qxd2+ 20. Kxd2 Ke7
21. Ra5 Rhd8 22. Ke3 Bc6 23. Rxa6 Bxg2 24. Rxa8 Bxa8 25. Rg1 g6 26. Bc4 f4+ 27.
Ke2 Rd4 28. Bd3 f3+ 29. Ke3 Rxh4 30. Ra1 g5 31. a3 bxa3 32. Rxa3 Bd5 33. Ra6 g4
34. Rf6 g3 35. Rxf3 g2 36. Rg3 Rh3 0-1

[Event "Barbera op "]
[Site "?"]
[Date "2012.07.08"]
[Round "5"]
[White "Krishna, CRG."]
[Black "Aprea, D."]
[Result "1-0"]
[WhiteElo "2273"]
[BlackElo "1942"]
[PlyCount "49"]
[EventDate "2012.??.??"]
[EventType "swiss"]
[EventRounds "9"]

1. d4 d5 2. c4 e6 3. Nc3 Nf6 4. Bg5 Be7 5. Nf3 O-O 6. Qc2 h6 7. Bxf6 Bxf6 8.
O-O-O a6 9. e4 c6 10. Bd3 Qa5 11. Kb1 Rd8 12. h4 dxc4 13. Bxc4 Qb4 14. e5 Qxc4
15. exf6 gxf6 16. Rh3 Qb4 17. Rg3+ Kh8 18. Qd2 Kh7 19. Qf4 Qe7 20. Ne4 Nd7 21.
Qg4 Qf8 22. Qh5 Kh8 23. Nd6 Kh7 24. Nxf7 Ne5 25. N3xe5 1-0

[Event "Barbera op "]
[Site "?"]
[Date "2012.07.08"]
[Round "5"]
[White "Lacasta Palacio, J."]
[Black "Pieri, PL."]
[Result "1-0"]
[WhiteElo "2195"]
[BlackElo "2048"]
[PlyCount "101"]
[EventDate "2012.??.??"]
[EventType "swiss"]
[EventRounds "9"]

1. g3 e5 2. c4 Nf6 3. Bg2 d5 4. cxd5 Nxd5 5. Nc3 Nb6 6. Nf3 Nc6 7. O-O Be7 8.
d3 g5 9. a4 a5 10. Nb5 g4 11. Nd2 Nd4 12. Nxd4 exd4 13. Nb3 Be6 14. Bf4 Nd5 15.
Be5 Bf6 16. Bxd4 c6 17. Bxf6 Qxf6 18. Nc5 Qxb2 19. Nxe6 Nc3 20. Qe1 fxe6 21.
Kh1 O-O-O 22. Rc1 Na2 23. Rc4 Nb4 24. Rxg4 Rhf8 25. Rh4 Rd7 26. Bh3 Rf6 27. f4
Kb8 28. g4 Qa2 29. g5 Rff7 30. Rh6 Rfe7 31. Rf6 Qd5+ 32. Bg2 Qd4 33. Be4 b5 34.
Qc1 Rc7 35. e3 Qd6 36. Qa3 Qc5 37. axb5 Qxb5 38. Qc3 Rcd7 39. Rb1 Kc7 40. d4
Nd5 41. Qe1 Qa4 42. Rc1 Qb5 43. Rf8 Nb4 44. Qc3 Rd6 45. Ra1 Kb6 46. Rb8+ Rb7
47. Qc5+ Kc7 48. Rxb7+ Qxb7 49. Qxa5+ Qb6 50. Qa7+ Qb7 51. Qxb7+ 1-0